Career in India's armed forces: how to make it more attractive (Record no. 107965)

MARC details
000 -LEADER
fixed length control field 00353nam a2200133Ia 4500
008 - FIXED-LENGTH DATA ELEMENTS--GENERAL INFORMATION
fixed length control field 230917s9999||||xx |||||||||||||| ||und||
040 ## - CATALOGING SOURCE
Original cataloging agency VIVEKANANDA LIBRARY
082 ## - DDC NUMBER
Classification number 355.00954
Book Number M278C
100 ## - MAIN ENTRY--PERSONAL NAME
Personal name Mahajan, R N
245 #0 - TITLE STATEMENT
Title Career in India's armed forces: how to make it more attractive
260 ## - PUBLICATION, DISTRIBUTION, ETC. (IMPRINT)
Place of publication, distribution, etc New Delhi
Name of publisher, distributor, etc Ocean
Date of publication, distribution, etc 2000
300 ## - PHYSICAL DESCRIPTION
Pages 143 p.
942 ## - ADDED ENTRY ELEMENTS (KOHA)
Koha item type Books
Holdings
Withdrawn status Lost status Source of classification or shelving scheme Damaged status Not for loan Location (home branch) Sublocation or collection (holding branch) Date acquired Koha issues (times borrowed) Koha full call number Accession No. Koha date last seen Koha item type
    Dewey Decimal Classification     VIVEKANANDA LIBRARY VIVEKANANDA LIBRARY 18/12/2002   355.00954 M278C 194242 17/09/2023 Books
© Designed and Maintained by Vivekananda Library, MDU Rohtak